<?xml version="1.0" encoding="UTF-8"?><?xml-stylesheet type="text/xsl" href="static/style.xsl"?><OAI-PMH xmlns="http://www.openarchives.org/OAI/2.0/" xmlns:xsi="http://www.w3.org/2001/XMLSchema-instance" xsi:schemaLocation="http://www.openarchives.org/OAI/2.0/ http://www.openarchives.org/OAI/2.0/OAI-PMH.xsd"><responseDate>2026-04-17T06:35:53Z</responseDate><request verb="GetRecord" identifier="oai:www.recercat.cat:2445/182564" metadataPrefix="marc">https://recercat.cat/oai/request</request><GetRecord><record><header><identifier>oai:recercat.cat:2445/182564</identifier><datestamp>2025-12-05T10:48:35Z</datestamp><setSpec>com_2072_1057</setSpec><setSpec>col_2072_478775</setSpec><setSpec>col_2072_478917</setSpec></header><metadata><record xmlns="http://www.loc.gov/MARC21/slim" xmlns:dcterms="http://purl.org/dc/terms/" xmlns:xsi="http://www.w3.org/2001/XMLSchema-instance" xmlns:doc="http://www.lyncode.com/xoai" xsi:schemaLocation="http://www.loc.gov/MARC21/slim http://www.loc.gov/standards/marcxml/schema/MARC21slim.xsd">
   <leader>00925njm 22002777a 4500</leader>
   <datafield ind2=" " ind1=" " tag="042">
      <subfield code="a">dc</subfield>
   </datafield>
   <datafield ind2=" " ind1=" " tag="720">
      <subfield code="a">Urbano, Cristóbal</subfield>
      <subfield code="e">author</subfield>
   </datafield>
   <datafield ind2=" " ind1=" " tag="720">
      <subfield code="a">Gascón García, Jesús</subfield>
      <subfield code="e">author</subfield>
   </datafield>
   <datafield ind2=" " ind1=" " tag="260">
      <subfield code="c">2022-01-24T11:47:04Z</subfield>
   </datafield>
   <datafield ind2=" " ind1=" " tag="260">
      <subfield code="c">2022-01-24T11:47:04Z</subfield>
   </datafield>
   <datafield ind2=" " ind1=" " tag="260">
      <subfield code="c">2021-11</subfield>
   </datafield>
   <datafield ind2=" " ind1=" " tag="260">
      <subfield code="c">2022-01-24T11:47:04Z</subfield>
   </datafield>
   <datafield ind2=" " ind1=" " tag="520">
      <subfield code="a">Los usuarios de sistemas de información no discriminan la forma y función de los recursos de información y las ignoran en sus búsquedas. Mayoritariamente utilizan buscadores web genéricos: siempre obtienen resultados y no cuestionan su calidad, procedencia ni si su forma es adecuada a los objetivos. En muchas fuentes de información tampoco aparece la forma o género como argumento de búsqueda o de filtrado. El reconocimiento del género/forma es útil en la búsqueda, pues implica expectativas del tipo de información que se quiere obtener. Los tipos documentales, especialmente en internet, han cambiado y sus denominaciones y definiciones no se han consolidado. Hay que fijar la terminología en los vocabularios documentales y en la web semántica. La sustitución de catálogos y bases de datos por herramientas de descubrimiento contribuye a la disolución del concepto de género/forma: la búsqueda por materias no es uniforme y el usuario no percibe la diferencia de formas/géneros obtenidos, mezclándose resultados de muy diversos tipos. Es necesario mejorar los sistemas de representación y recuperación de información, incorporando la forma documental como elemento de búsqueda, pero también se requiere una alfabetización informacional (especialmente en los futuros documentalistas) que ponga en valor estas formas.</subfield>
   </datafield>
   <datafield tag="653" ind2=" " ind1=" ">
      <subfield code="a">Representació del coneixement (Teoria de la informació)</subfield>
   </datafield>
   <datafield tag="653" ind2=" " ind1=" ">
      <subfield code="a">Alfabetització informacional</subfield>
   </datafield>
   <datafield tag="653" ind2=" " ind1=" ">
      <subfield code="a">Knowledge representation (Information theory)</subfield>
   </datafield>
   <datafield tag="653" ind2=" " ind1=" ">
      <subfield code="a">Information literacy</subfield>
   </datafield>
   <datafield ind2="0" ind1="0" tag="245">
      <subfield code="a">El reconocimiento de las formas documentales en las búsquedas de información de calidad: una apuesta por la educación en la 'docudiversidad'</subfield>
   </datafield>
</record></metadata></record></GetRecord></OAI-PMH>